LEADER 01097nam--2200349---450- 001 990000954600203316 005 20090421131750.0 035 $a0095460 035 $aUSA010095460 035 $a(ALEPH)000095460USA01 035 $a0095460 100 $a20020211d1981----km-y0itay0103----ba 101 $apor 102 $aPT 105 $a||||||||001yy 200 1 $aPareceres, comentarios e círiticas sobre a proposta de Lei de Bases do sistema educativo 210 $a[S.l.]$cAlgueirao$d1981 215 $a361 p.$d24 cm 300 $aIn testa al front.: Ministério da educaçao e ciencia 606 $aScuola$yPortogallo 676 $a371.009469 801 0$aIT$bsalbc$gISBD 912 $a990000954600203316 951 $aII.6.B.65$b4376 DSLL 959 $aBK 969 $aDSLL 979 $aANGELA$b90$c20020211$lUSA01$h1306 979 $c20020403$lUSA01$h1738 979 $aPATRY$b90$c20040406$lUSA01$h1706 979 $aDSLL$b90$c20090421$lUSA01$h1317 996 $aPareceres, comentarios e círiticas sobre a proposta de Lei de Bases do sistema educativo$9973382 997 $aUNISA LEADER 02039nas 2200625-a 450 001 996211375803316 005 20231214213021.0 011 $a1487-0134 035 $a(OCoLC)1082482037 035 $a(CKB)991042737632106 035 $a(CONSER)cn-99470022- 035 $a(EXLCZ)99991042737632106 100 $a19990115a19969999 --- a 101 0 $aeng 135 $auran||||||||| 181 $ctxt$2rdacontent 182 $cc$2rdamedia 183 $acr$2rdacarrier 200 14$aThe fiscal monitor $ea publication of the Department of Finance 210 $a[Ottawa] $cDept. of Finance$d[1996]- 300 $aTitle from caption (viewed on Mar. 6, 2006). 300 $aArchived by Library and Archives Canada. 300 $aDistributed by the Government of Canada Depository Services Program. 311 $a0839-8224 531 $aFISCAL MONITOR 531 0 $aFisc. monit. 606 $aBudget$zCanada$vPeriodicals 606 $aFiscal policy$zCanada$vPeriodicals 606 $aBudget$zCanada$xPeriodicals 606 $aFiscal policy$zCanada$xPeriodicals 606 $aBudget$zCanada$xPériodiques 606 $aPolitique fiscale$zCanada$xPériodiques 606 $aBudget$zCanada$vPériodiques 606 $aPolitique fiscale$zCanada$vPériodiques 606 $aBudget$2fast$3(OCoLC)fst00840336 606 $aFiscal policy$2fast$3(OCoLC)fst00925806 607 $aCanada$2fast$1https://id.oclc.org/worldcat/entity/E39PBJkMHVW4rfVXPrhVP4VwG3 608 $aPeriodicals.$2fast 615 0$aBudget 615 0$aFiscal policy 615 0$aBudget$xPeriodicals. 615 0$aFiscal policy$xPeriodicals. 615 6$aBudget$xPériodiques. 615 6$aPolitique fiscale$xPériodiques. 615 6$aBudget 615 6$aPolitique fiscale 615 7$aBudget. 615 7$aFiscal policy. 676 $a336.71/05 686 $acci1icc$2lacc 686 $acoll11$2lacc 906 $aJOURNAL 912 $a996211375803316 996 $aThe fiscal monitor$92018811 997 $aUNISA